Юбилей 60-летия жизни Михаила Ивановича Калинина

RUSMARC
00004505nmc2a22003253x 450
001a4637b27-d4b4-4b8f-88f2-fa3ca7bdda92
00520250805002951.0
100##$a20250619l19351936k y0rusy50 ca
1010#$arus
102##$aRU
105##$aac z |||||
1222#$ad19351117
$ad19360310
2001#$aЮбилей 60-летия жизни Михаила Ивановича Калинина
$j17.11.1935 - 10.03.1936
215##$a85 листов
$cпортр., табл., ил.
$d37,5 х 24,2
251##$cДело
300##$aЛисты: 1 - не подшит; 23 - газета
300##$aВ деле имеются телеграммы
300##$aЧасть текста машинописная и рукописная, часть - напечатана типографским способом
324##$aВ деле имеются копии отдельных документов
330##$aВходит в раздел описи: Протокольная часть
461#0$1001RuPRLIB520124725
$12001
$aЦЕНТРАЛЬНЫЙ ИСПОЛНИТЕЛЬНЫЙ КОМИТЕТ СССР (ЦИК СССР).
$1251
$cФонд
$1852
$gР
$j3316
462#0$1001RuPRLIB520125317
$12001
$aДела Секретариата Президиума ЦИК Союза ССР за 1935 год
$vД. 465
$1251
$cОпись
$1852
$j28
600#1$aКалинин
$bМ. И.
$gМихаил Иванович
605##$3DITM\AF\0000002775
$aВласть
$lколлекция
$2acquisition_prlib
6101#$aЮбилей
686##$a67.401.011.12ю1
$cПраво
$2rubbk
686##$a63.3(2)614-332ю1
$cИстория
$2rubbk
801#0$aRU
$bGA_RF
801#1$aRU
$bГлавНИВЦ
$c20250619
$2rusmarc
801#2$aRU
$bПБ им. Б.Н. Ельцина
$c20250805
$gRCR
$2rusmarc
852##$aГА РФ
$j465
937##$d197754062
$hГАРФ
035##$aRuPRLIB51080180
856##$uhttp://readingroom.main.prlib.ru/item.aspx?id_node=n197754062&mode=full
Формат отображения